Spring of Inspiration (Record no. 93767)

MARC details
000 -LEADER
fixed length control field 00543nam a2200181Ia 4500
005 - DATE AND TIME OF LATEST TRANSACTION
control field 20251121142630.0
008 - FIXED-LENGTH DATA ELEMENTS--GENERAL INFORMATION
fixed length control field 230125s9999 xx 000 0 und d
041 ## - LANGUAGE CODE
Language code of text/sound track or separate title eng
082 ## - DEWEY DECIMAL CLASSIFICATION NUMBER
Classification number 158.1
Item number ADH
100 ## - MAIN ENTRY--PERSONAL NAME
Author Adhia, J.
245 ## - TITLE STATEMENT
Title Spring of Inspiration
Remainder of title Things First Happen in the Mind of Man Before They Happen, in This External World
260 ## - PUBLICATION, DISTRIBUTION, ETC.
Name of publisher, distributor, etc. Alpha International
Place of publication, distribution, etc. Ahmedabad
300 ## - PHYSICAL DESCRIPTION
Extent 101p
500 ## - GENERAL NOTE
Keywords Personality Development
700 ## - ADDED ENTRY--PERSONAL NAME
Personal name Adhia, J. & Anand Asodekar, Donor
942 ## - ADDED ENTRY ELEMENTS (KOHA)
Koha item type Donated Book
906 ## - LOCAL DATA ELEMENT F, LDF (RLIN)
b 35
Holdings
Withdrawn status Lost status Damaged status Not for loan Home library Current library Date acquired Vendor Net Price Full call number Barcode Date last seen Actual Price Bill Date Koha item type Original Barcode
        Smt. Hiraben Nanavati Institute of Management & Research for Women Smt. Hiraben Nanavati Institute of Management & Research for Women 14/09/2015 Donated Book- Outside Donar 70.00 158.1 ADH DB2223 HIMR-DB-2223 25/01/2023 35.00 25/01/2023 Donated Book DB2223